LEADER 01254nam0-22003851i-450- 001 990005445930203316 005 20010829120000.0 035 $a000544593 035 $aUSA01000544593 035 $a(ALEPH)000544593USA01 035 $a000544593 100 $a20010829d1985-------|0enac50------ba 101 $aeng 102 $aUS 105 $a||||Z 1|||| 200 1 $aBeyond Anova, basic of applied statistics$fRupert G. Miller, Jr 210 $aNew York$cJohn Wiley & Sons$d1985. 317 p. : graf. ; 24 cm. 225 2$aWiley series in probability and mathematical statistics 410 1$12001$aWiley series in probability and mathematical statistics 606 $aStatistica matematica$2FI 620 $dNew York 676 $a519.5$cStatistica matematica$v21 700 1$aMILLER,$bRupert G. : Jr$012503 712 $aJohn Wiley & Sons, Inc 801 $aIT$bSOL$c20120104 912 $a990005445930203316 950 $aDIP.TO SCIENZE ECONOMICHE - (SA)$dDS 500 519.5 MIL$e1732 DISES 951 $a500 519.5 MIL$b1732 DISES 959 $aBK 969 $aDISES 979 $c20121027$lUSA01$h1532 979 $c20121027$lUSA01$h1613 996 $aBeyond Anova, basic of applied statistics$91143805 997 $aUNISA NUM $aUSA4253 LEADER 01109nam--2200349---450- 001 990003562290203316 005 20110909090724.0 010 $a978-981-256-910-3 035 $a000356229 035 $aUSA01000356229 035 $a(ALEPH)000356229USA01 035 $a000356229 100 $a20110909d2009----km-y0itay50------ba 101 0 $aeng 102 $aUS 105 $a||||||||001yy 200 1 $aAsean economic integration$etrade, foreign direct investment and finance$fMichael G. Plummer 210 $aNew Jersey [etc.]$cWorld Scientific$d2009 215 $aIX, 343 p.$d24 cm 225 2 $aAdvanced research in Asian economic studies$v6 410 0$12001$aAdvanced research in Asian economic studies$v6 606 0 $aAsia$xIntegrazione economica$2BNCF 676 $a337.15 700 1$aPLUMMER,$bMichael G.$0300750 801 0$aIT$bsalbc$gISBD 912 $a990003562290203316 951 $aXXIII.2.D. 542$b71817 G.$cXXIII.2.D.$d00298932 959 $aBK 969 $aGIU 979 $aIANNONE$b90$c20110909$lUSA01$h0907 996 $aAsean economic integration$91117118 997 $aUNISA